• 首页
  • 本馆介绍
  • 公告通知
  • 最新文献
  • 馆藏检索
  • 电子资源
  • 读者导购
  • 参考咨询
  • 我的图书馆
  • 登录
  • 详细信息显示
  • 放入我的书架
  • 预约/预借图书
  • 作者相关作品
  • 分类相关作品
  • 丛书相关作品
  • 出版社相关作品

书目信息

  • 表格格式
  • 工作单格式
  • 卡片格式
题名:
生物生生不息
    
 
作者: 胡雨涛 著
分册:  
出版信息: 上海   上海人民出版社  1975
页数: 114页
开本: 19cm
丛书名: 自然辩证法丛书
单 册:
中图分类: Q10
科图分类:
主题词: 生物-进化 , 进化-生物 , 生命起源
电子资源:
ISBN:
000 00679nam2 2200265 45
001 0175002794
005 20060911152414.53
010    @dCNY0.26
100    @a19951031d1975 em y0chiy0121 ea
101 0  @achi
102    @aCN@b310000
105    @af z 000yy
200 10 @a生物生生不息@Asheng wu sheng sheng bu xi@f胡雨涛著
210    @a上海@c上海人民出版社@d1975
215    @a114页@c图及照片@d19cm
225 2  @a自然辩证法丛书
410  0 @120010@a自然辩证法丛书
606    @a生物-进化
606    @a进化-生物
606    @a生命起源
690    @aQ10@v3
701  0 @a胡雨涛@Ahu yu tao@4著
801  2 @aCN@bNLC@c20060911
801  0 @aCN@bTSSF
905    @a10447@dQ10@e100
    
    生物生生不息/胡雨涛著.-上海:上海人民出版社,1975
    114页:图及照片;19cm.-(自然辩证法丛书)
    
    
    ISBN :CNY0.26
    
●
相关链接 在E读中查询图书 在五车中查询图书 在当当中查询图书 在豆瓣中查询图书


正题名:生物生生不息     索取号:Q10/100         预约/预借

序号 登录号 条形码 馆藏地/架位号 状态 备注
1 0470566   204705667   密集书库/ [索取号:Q10/100] 在馆    
唐山师范学院图书馆 欢迎您!
大连网信软件有限公司© 版权所有